000 00410nam a2200157 i 4500
001 bg
100 1 _aBHATIA, N. P.
245 0 _aDynamical systems :
_bstability theory and applications /
_cN.P. Bhatia, G.P. Szego.
260 _aBerlin :
_bSpringer-Verlag,
_c1967.
700 1 _aSZEGO, G. P.
040 _cBPK
041 _apol
080 _a517
942 _cKS
008 s pl f |000 0 pol
999 _c27109
_d27109
856 _uhttp://koha.tu.koszalin.pl/cgi-bin/koha/opac-detail.pl?biblionumber=27109
_yKatalog online BPK